Fundamental Accounting Principles

Salvato in:
Dettagli Bibliografici
Autore principale: Larson, Kermit D.
Altri autori: Pyle, William W.
Natura: Libro
Lingua:inglese
Pubblicazione: Homewood Irwin 1988
Edizione:11. ed.
Soggetti:
Tags: Aggiungi Tag
Nessun Tag, puoi essere il primo ad aggiungerne!!

MARC

LEADER 00000nam a2200000 4500
001 c000345
005 20221219121053.3
020 |a 0-256-06823-2 
041 0 |a eng 
044 |a US 
245 1 0 |a Fundamental Accounting Principles  |c Kermit D. Larson, William W. Pyle 
250 |a 11. ed. 
264 1 |a Homewood  |b Irwin  |c 1988 
300 |a 1076 s. 
610 2 0 |a účtovníctvo 
610 2 0 |a účty 
610 2 0 |a operácie účtovné 
610 2 0 |a výkazy účtovné 
100 1 |a Larson, Kermit D. 
700 1 |a Pyle, William W.